000 00942nam a2200325 a 4500
001 vtls000055741
003 NLI
005 20210601191022.0
008 101125s1970 ilua 001 0 eng
020 _a0226308707 :
_cUSD 2.50
039 9 _y201011250535
_zVLOAD
040 _aNLI
_beng
_cVTLS
_eAACR2
041 0 _aeng
044 _ailu
082 0 4 _a512.86
100 1 _aGriffith, Phillip A.
_9142618
245 1 0 _aInfinite abelian group theory /
_c[by] Phillip A. Griffith
260 _aChicago :
_bUniversity of Chicago Press,
_c1970
300 _a152 p. :
_bill. ;
_c20 cm.
440 0 _aChicago lectures in mathematics
_9141201
500 _aIncludes index
504 _aBibliography: p. 143-150
650 0 _aAbelian groups
_9142619
887 _a
901 _a444383
_b21.07.1978
902 _aE512.86 G875
906 _a0006777
949 _AVIRTUAITEM
_D10000
_X100
_6PUR000444383ENG
942 _2ddc
_cBKS
999 _aVIRTUA00
_c60005
_d60005